MARC details
| 000 -CABECERA |
| campo de control de longitud fija |
01238nam a2200181 a 4500 |
| 001 - NÚMERO DE CONTROL |
| campo de control |
000038335 |
| 005 - FECHA Y HORA DE LA ÚLTIMA TRANSACCIÓN |
| campo de control |
20241030141145.0 |
| 008 - DATOS DE LONGITUD FIJA--INFORMACIÓN GENERAL |
| campo de control de longitud fija |
130409s2007 dr ac 000 0 spa d |
| 020 ## - NÚMERO INTERNACIONAL ESTÁNDAR DEL LIBRO |
| Número Internacional Estándar del Libro |
9789993467380 |
| 040 ## - FUENTE DE LA CATALOGACIÓN |
| Centro catalogador/agencia de origen |
DO-SdBNP |
| 100 1# - ENTRADA PRINCIPAL--NOMBRE DE PERSONA |
| Nombre de persona |
Bobea Billini, Mario |
| 9 (RLIN) |
64696 |
| 245 10 - MENCIÓN DE TÍTULO |
| Título |
Mario Bobea Billini : |
| Resto del título |
forjador de sueños / |
| Mención de responsabilidad, etc. |
Mario Bobea Billini ; editoras María Ugarte, Monteserrat Prats. |
| 260 ## - PUBLICACIÓN, DISTRIBUCIÓN, ETC. |
| Lugar de publicación, distribución, etc. |
Santo Domingo : |
| Nombre del editor, distribuidor, etc. |
Amigos del Hogar, |
| Fecha de publicación, distribución, etc. |
2007. |
| 300 ## - DESCRIPCIÓN FÍSICA |
| Extensión |
423 p. : |
| Otras características físicas |
il., retrs. |
| 505 0# - NOTA DE CONTENIDO CON FORMATO |
| Título |
Presentación -- |
| -- |
Nota preliminar -- |
| -- |
MARIO BOBEA BILLINI "hizo todo lo que le gustaba" -- |
| -- |
Hizo todo lo que le gustaba 19 textos de Don Mario Una charla : los nuevos -- |
| -- |
Dos poemas -- |
| -- |
Columnas de la nación -- |
| -- |
Selección 1952 -- |
| -- |
Artículos publicados en el periódico El Caribe. Selección 1980 -- |
| -- |
Artículos de la revista "Ahora" selección -- |
| -- |
Cartas a Inmaculada. Selección -- |
| -- |
Artículos del suplemento agropecuario. Selección 1983-1996 -- |
| -- |
Notas necrológicas -- |
| -- |
In MEMORIAM. Editoriales y artículos-- |
| -- |
Editoriales -- |
| -- |
Artículos -- |
| -- |
VARIOS -- |
| -- |
Cronología -- Índice onomástico -- |
| -- |
Índice de nombre comunes botatánicos -- |
| 700 1# - PUNTO DE ACCESO ADICIONAL--NOMBRE DE PERSONA |
| Nombre de persona |
Ugarte, María |
| Fechas asociadas al nombre |
1914-2011 |
| Término indicativo de función/relación |
ed. |
| 9 (RLIN) |
24078 |
| 700 1# - PUNTO DE ACCESO ADICIONAL--NOMBRE DE PERSONA |
| Nombre de persona |
Frats, Monteserrat |
| Término indicativo de función/relación |
ed. |
| 9 (RLIN) |
64697 |